Match random geography - Statistics

General Stats
  • This quiz has been taken 30 times
  • The average score is 11 of 15
Answer Stats
Hint Answer % Correct
Flag with purple Dominica
82%
Country in the baltics Lithuania
82%
Country in the balkans Serbia
82%
Country that has 50 states USA
82%
Country in the Middle East Egypt
77%
Countries flag that is this🇨🇱 Chile
73%
Departments flag that is this🇬🇫 French Guiana
73%
Territories flag that is this🇵🇷 Puerto Rico
73%
Countries flag that is this🇹🇹 Trinidad
73%
Territories flag that is this🇧🇲 Bermuda
68%
Countries flag that is this🇧🇹 Bhutan
68%
Country that has 28 states India
68%
Countries flag that is this🇲🇩 Moldova
68%
Countries flag that is this🇸🇩 Sudan
64%
Countries flag that is this🇸🇧 Solomon islands
59%
No matching quizzes found
Score Distribution
Percent of People with Each Score
Percentile by Number Answered
Your Score History
You have not taken this quiz